000 00357nam a2200157Ia 4500
100 _aAhmad/Aftab
650 _aWireless mobile networks
942 _cRB
366 _f25
654 _awireless
245 _aWireless and mobile data networks
260 _bWiley India
_c2005
082 _a621.382
_bAHM
300 _a346
546 _aENGLISH
_cPAMPHALETS
999 _c27167
_d27167